Statistiques concernant Culture Générale - Série 1162

Cliquez ici pour prendre le quiz!

Statistiques générales

  • Ce quiz a été pris 56 fois
  • Le résultat moyen est 6 sur 10

Statistiques - réponses

QuestionRéponse% Correct
Dans une expression, à quel gros chien sauveteur de montagne compare-t-on une personne toujours prête à se dévouer et à porter secours ?saint-bernard
100%
Quelle est la principale vitamine que l'on trouve dans une orange fraîche ?vitamine C
100%
A quel animal l'adjectif "hippique" se rapporte-t-il ?cheval
100%
Dans l'une des fables de La Fontaine, quel animal se laisse piéger par la lenteur de la tortue ?lièvre
98%
En 1994, quel pays a organisé la Coupe du monde de football ?États-Unis
46%
Dans le recueil "Les Mille et Une Nuits", comment se prénomme la conteuse ?Shéhérazade
44%
Quel pilote automobile autrichien a été champion du monde de Formule 1 en 1975, 1977 et 1984 ?Niki Lauda
40%
Quel adjectif de couleur qualifie le pinot quand il désigne le vin appelé "tokay" ?gris
40%
Dans le film "Air Force One" de 1997, quel acteur incarne le président des États-Unis James Marshall ?Harrison Ford
31%
Lors de l'attentat perpétré contre le “Rainbow Warrior” en 1985, qui était ministre de la Défense ?Charles Hernu
17%

Distribution des résultats

Percentile par nombre de réponses

% des personnes avec chaque résultat

Votre développement - résultats

Vous n’avez pas pris ce quiz